00682ata a2200241 450000500170000000800410001702000180005804100080007608200180008410000330010224500820013526000150021726000100023226000090024230000180025149000470026965000200031665000270033665000310036365000150039465000160040965000150042520250701181707.0150521b2008 xxu||||| |||| 00| 0 spa d a9789968315685 aESP a330.122 V297v aVargas Solís, Luis Paulino aEl verdadero rostro de la globalización: la globalización sin alternativa aCosta Rica bEUNED c2008 a284 páginas aDirección y Administración de Empresas aGLOBALIZACIÓN aPOLÍTICA ECONÓMICA aGLOBALIZACIÓN NEOLIBERAL aCOSTA RICA aCAPITALISMO aMONOPOLIOS